Statistics for Most Steals In a Single NBA Game

Click here to take the quiz!

General Stats

  • This quiz has been taken 5 times
  • The average score is 11 of 25

Answer Stats

YearAnswerSteals% Correct
2017Draymond Green10
100%
1979Eddie Jordan10
100%
1988Michael Jordan10
100%
1990Alvin Robertson10
75%
1989Alvin Robertson10
75%
1986Alvin Robertson10
75%
1986Alvin Robertson10
75%
1978Gus Williams10
75%
2018Lou Williams10
75%
1999Allen Iverson10
50%
1986Clyde Drexler10
50%
1996Clyde Drexler10
50%
1993Kevin Johnson10
50%
2021TJ McConnell10
50%
1973Jerry West10
25%
1998Mookie Blaylock10
25%
2009Brandon Roy10
0%
1985Fat Lever10
0%
1976Fred Brown10
0%
1985Johnny Moore10
0%
1999Kendall Gill11
0%
1976Larry Kenon11
0%
1974Larry Steele10
0%
2001Michael Finley10
0%
1987Ron Harper10
0%

Score Distribution

Percentile by Number Answered

Percent of People with Each Score

Your Score History

You have not taken this quiz